The Employee handbook of new work habits for a radically changing world : (Record no. 8233)
[ view plain ]
| 000 -LEADER | |
|---|---|
| fixed length control field | 00795nam a22002292 4500 |
| 001 - CONTROL NUMBER | |
| control field | 0000012233 |
| 005 - DATE AND TIME OF LATEST TRANSACTION | |
| control field | 20151217152109.0 |
| 008 - FIXED-LENGTH DATA ELEMENTS--GENERAL INFORMATION | |
| fixed length control field | 090218s xx 000 0 eng d |
| 020 ## - INTERNATIONAL STANDARD BOOK NUMBER | |
| International Standard Book Number | 0944002153 : |
| 040 ## - CATALOGING SOURCE | |
| Original cataloging agency | KABU |
| Transcribing agency | KABU |
| 100 1# - MAIN ENTRY--PERSONAL NAME | |
| Personal name | Pritchett, Price. |
| -- | 0000168501 |
| 245 14 - TITLE STATEMENT | |
| Title | The Employee handbook of new work habits for a radically changing world : |
| Remainder of title | 13 ground rules for job success in the information age / |
| Statement of responsibility, etc. | Price Pritchett. |
| 250 ## - EDITION STATEMENT | |
| Edition statement | 1st ed. |
| 260 ## - PUBLICATION, DISTRIBUTION, ETC. (IMPRINT) | |
| Place of publication, distribution, etc. | Dallas, Texas : |
| Name of publisher, distributor, etc. | Pritchett, |
| Date of publication, distribution, etc. | 1994. |
| 300 ## - PHYSICAL DESCRIPTION | |
| Extent | 51 p. |
| 650 #0 - SUBJECT ADDED ENTRY--TOPICAL TERM | |
| Topical term or geographic name as entry element | Career development. |
| -- | 0000139411 |
| 650 #0 - SUBJECT ADDED ENTRY--TOPICAL TERM | |
| Topical term or geographic name as entry element | Work ethics. |
| -- | 0000168502 |
| 852 1# - LOCATION | |
| -- | p400 KES |
| 852 1# - LOCATION | |
| -- | p400 KES |
| 908 ## - PUT COMMAND PARAMETER (RLIN) | |
| Put command parameter | 090218 |
| 950 ## - LOCAL HOLDINGS (RLIN) | |
| -- | 1 |
| Withdrawn status | Lost status | Source of classification or shelving scheme | Not for loan | Home library | Current library | Date acquired | Total Checkouts | Full call number | Barcode | Date last seen | Date last checked out | Price effective from | Koha item type |
|---|---|---|---|---|---|---|---|---|---|---|---|---|---|
| Library of Congress Classification | Kabarak, Main Campus | Kabarak, Main Campus | 17/12/2015 | 1 | HF5381 .P75 1994 c. 1 | 16668 | 18/05/2017 | 15/07/2016 | 17/12/2015 | General Collection | |||
| Library of Congress Classification | Kabarak, Main Campus | Kabarak, Main Campus | 17/12/2015 | 1 | HF5381 .P75 1994 c. 2 | 16669 | 18/05/2017 | 15/07/2016 | 17/12/2015 | General Collection |